Linguistique juridique.
La linguistique juridique est, pour l'essentiel, l'étude du langage du droit. Ce langage existe, comme langage spécialisé, parce que le droit donne un sens particulier à certains mots. L'ensemble de ces mots forme le vocabulaire juridique. Cependant le vocabulaire est l'instrumen...
Uloženo v:
| Hlavní autor: | |
|---|---|
| Médium: | Kniha |
| Jazyk: | angličtina |
| Vydáno: |
Paris, France:
Montchrestien,
2005.
|
| Vydání: | 3e. édition. |
| Edice: | Domat droit privé.
|
| Témata: | |
| Tagy: |
Přidat tag
Žádné tagy, Buďte první, kdo vytvoří štítek k tomuto záznamu!
|
MARC
| LEADER | 00000nam a22000007a 4500 | ||
|---|---|---|---|
| 003 | CL-VaPUC | ||
| 005 | 20220822114437.0 | ||
| 008 | 220321t2005 ||||| |||| 00| 0 eng d | ||
| 999 | |c 434976 |d 434974 | ||
| 020 | |a 2-7076-1425-4 | ||
| 040 | |c Pontificia Universidad Católica de Valparaíso | ||
| 082 | 7 | |a 340.14 COR 2005 |2 22 | |
| 100 | |a Cornu, Gérard |9 463552 |e auteur | ||
| 245 | |a Linguistique juridique. | ||
| 250 | |a 3e. édition. | ||
| 260 | |a Paris, France: |b Montchrestien, |c 2005. | ||
| 300 | |a VIII, 443 páginas. | ||
| 490 | |a Domat droit privé. | ||
| 500 | |a c.1 Donación Familia Prof. Alejandro Guzmán Brito. | ||
| 520 | |a La linguistique juridique est, pour l'essentiel, l'étude du langage du droit. Ce langage existe, comme langage spécialisé, parce que le droit donne un sens particulier à certains mots. L'ensemble de ces mots forme le vocabulaire juridique. Cependant le vocabulaire est l'instrument du discours. La parole organise les phrases qui communiquent le droit. Ainsi naissent, chacun dans sa structure et son style, tous les énoncés qui président à la création et à la réalisation du droit, lois, jugements, conventions, plaidoiries, constats, etc. Langage coutumier, les maximes et adages du droit gravés dans nos esprits brillent toujours du même éclat. On entre dans le droit par la connaissance du sens juridique des mots et la maîtrise des discours du droit. En lien avec le langage du droit, le droit du langage et son emprise sur la langue commune prennent ici aujourd'hui leur ampleur. | ||
| 583 | |c 20220321 |k Yessy Stephany Diaz Vidal | ||
| 650 | |a Derecho |x Lingüística |9 869934 | ||
| 650 | |a Derecho |x Semántica |9 869935 | ||
| 650 | |a Derecho |x Terminología |9 869936 | ||
| 942 | |2 ddc |c BK |n 0 | ||
| 952 | |0 0 |1 0 |2 ddc |4 0 |6 340_140000000000000_COR_2005 |7 1 |8 C_AGB |9 581977 |a BIBDER |b BIBDER |d 2022-03-21 |e Donación |i 5650266 |o 340.14 COR 2005 |p 5650266 |r 2023-01-25 |t 1 |w 2022-03-21 |y BK_US |k AGB | ||